| 000 | 00595cam a2200169 a 4500 | ||
|---|---|---|---|
| 020 | _a0821309242 (pbk.) | ||
| 082 | 0 | 0 |
_a658 _bHEG _cD |
| 100 | 1 |
_aHegstad, Sven Olaf, _944801 |
|
| 245 | 1 | 0 |
_aManagement contracts : _bmain features and design issues / _cSven Olaf Hegstad and Ian Newport. |
| 260 |
_aWashington, D.C. : _bWorld Bank, _c[1987] |
||
| 300 |
_aviii, 59 p. ; _c28 cm. |
||
| 490 | 1 |
_aWorld Bank technical paper, _aIndustry and finance series, |
|
| 526 |
_a0 _b0 _c0 _d658_000000000000000_HEG |
||
| 650 | 0 |
_aManagement contracts. _944802 |
|
| 700 | 1 |
_aNewport, Ian. _944803 |
|
| 942 |
_2ddc _cBK |
||
| 999 |
_c548484 _d548484 |
||